Sistemas de información contable 2 /
Guardado en:
| Autor Principal: | |
|---|---|
| Otros Autores: | , , |
| Formato: | Libro |
| Publicado: |
Buenos Aires :
Kapelusz,
2000
|
| Series: | Biblioteca del Polimodal
|
| Materias: | |
| Etiquetas: |
Agregar Etiqueta
Sin Etiquetas, Sea el primero en etiquetar este registro!
|
| LEADER | 00876nam a22002415a 4500 | ||
|---|---|---|---|
| 001 | CEM.cems010603 | ||
| 005 | 20080507145516.0 | ||
| 008 | 130507s2000##################000#0#####d | ||
| 003 | CEMS | ||
| 020 | |a 9501324435 | ||
| 082 | 0 | 4 | |a 657 |
| 100 | 1 | |a Lezanski, Perla D. | |
| 245 | 1 | 0 | |a Sistemas de información contable 2 / |c Perla D. Lezanski ... [et Al.] |
| 260 | |a Buenos Aires : |b Kapelusz, |c 2000 | ||
| 300 | |a 239 p. | ||
| 490 | 0 | |a Biblioteca del Polimodal | |
| 505 | 0 | |a El sistema de información y los créditos -- Sociedades -- Sociedades mixtas -- Sociedades anónimas -- Estados contables -- Distribución de utilidades -- Sueldos y jornales | |
| 653 | |a Contabilidad | ||
| 653 | |a Contabilidad-polimodal | ||
| 700 | 1 | |a Mattio, Alicia O. | |
| 700 | 1 | |a Merino, Susana B | |
| 700 | 1 | |a Pasquali, Silvia M. | |
| 859 | |a CEMS |b BIB. CEMS - 11 de abril |h 657 |i L599 |p 21165.01 |t Ej.1 |v II |3 II | ||
